| 000 | 00719nam a2200253 a 4500 | ||
|---|---|---|---|
| 008 | |||
| 020 | _a0340810254 (pbk.) | ||
| 049 | _aMAIN | ||
| 090 |
_aQP141 _bBAR |
||
| 100 | 1 | _aBarasi, Mary E. | |
| 245 | 1 | 0 |
_aHuman nutrition : _ba health perspective / _cMary E. Barasi. |
| 260 |
_aLondon : _bHodder Arnold, _c2003. |
||
| 300 | _a2nd ed. | ||
| 300 |
_axi, 403p. : _bcol.ill. ; _c28 cm +1 computer disc. |
||
| 504 | _aIncludes bibliographical references. | ||
| 500 | _aIncludes index. | ||
| 650 | 1 | _aNutrition. | |
| 650 | _aHealth. | ||
| 907 |
_a.b10261667 _b24-05-12 _c26-03-09 |
||
| 003 | |||
| 005 | 20230123124931.0 | ||
| 040 | _cNUST | ||
| 942 |
_cBOOKS _kQP141 _mBAR |
||
| 999 |
_c132826 _d132826 |
||